[Event "VIE-chT"]
[Site "Hanoi"]
[Date "2023.04.23"]
[Round "9"]
[White "Ha, Viet Anh"]
[Black "Ninh, Anh Phi"]
[Result "1/2-1/2"]
[WhiteElo "1976"]
[BlackElo "1942"]
[PlyCount "58"]
[EventDate "2023.04.18"]
[EventType "swiss"]
[EventRounds "9"]
[EventCountry "VIE"]
[SourceTitle "EXT 2024"]
[Source "ChessBase"]
[SourceDate "2023.10.10"]
[SourceVersion "1"]
[SourceVersionDate "2023.10.10"]
[SourceQuality "1"]

1. d4 d5 2. Nf3 Nc6 3. c4 e6 4. Nc3 Nf6 5. Bf4 Bb4 6. e3 Ne4 7. Qb3 Bxc3+ 8. bxc3 0-0 9. cxd5 exd5 10. Be2 Na5 11. Qb4 c6 12. 0-0 Bf5 13. Rfc1 Rc8 14. c4 c5 15. dxc5 dxc4 16. Bxc4 Rxc5 17. Bxf7+ Rxf7 18. Rxc5 Nxc5 19. Qxc5 Rd7 20. h3 Be4 21. Nd4 b6 22. Qe5 Re7 23. Qb8 Qxb8 24. Bxb8 Bd5 25. Nb3 Rb7 26. Nxa5 Rxb8 27. Nb3 Rc8 28. Nd4 a5 29. a4 Rc4 1/2-1/2

[Event "VIE-chT"]
[Site "Hanoi"]
[Date "2023.04.22"]
[Round "8"]
[White "Do, Huy Hung"]
[Black "Ha, Viet Anh"]
[Result "1/2-1/2"]
[WhiteElo "1962"]
[BlackElo "1976"]
[PlyCount "71"]
[EventDate "2023.04.18"]
[EventType "swiss"]
[EventRounds "9"]
[EventCountry "VIE"]
[SourceTitle "EXT 2024"]
[Source "ChessBase"]
[SourceDate "2023.10.10"]
[SourceVersion "1"]
[SourceVersionDate "2023.10.10"]
[SourceQuality "1"]

1. e4 d6 2. d4 Nf6 3. Nc3 e5 4. dxe5 dxe5 5. Qxd8+ Kxd8 6. Bg5 Be6 7. Bxf6+ gxf6 8. 0-0-0+ Nd7 9. Nge2 c6 10. f4 Bh6 11. g3 Kc7 12. Kb1 f5 13. Bh3 fxe4 14. Bxe6 fxe6 15. fxe5 e3 16. Nf4 Rhe8 17. Rhe1 Nxe5 18. Rxe3 Bxf4 19. gxf4 Ng6 20. Re4 Rf8 21. Rf1 Rf6 22. f5 Raf8 23. Kc1 exf5 24. Rc4 Kd7 25. Ne2 f4 26. Rf3 Kc8 27. Re4 Kd7 28. c3 b6 29. b3 c5 30. c4 Re6 31. Nc3 Rxe4 32. Nxe4 Ne5 33. Rh3 f3 34. Rxh7+ Kc6 35. Nf2 Rg8 36. Kd2 1/2-1/2

[Event "VIE-chT"]
[Site "Hanoi"]
[Date "2023.04.19"]
[Round "3"]
[White "Ha, Viet Anh"]
[Black "Cao, Minh Tung"]
[Result "1/2-1/2"]
[WhiteElo "1976"]
[BlackElo "1931"]
[PlyCount "32"]
[EventDate "2023.04.18"]
[EventType "swiss"]
[EventRounds "9"]
[EventCountry "VIE"]
[SourceTitle "EXT 2024"]
[Source "ChessBase"]
[SourceDate "2023.10.10"]
[SourceVersion "1"]
[SourceVersionDate "2023.10.10"]
[SourceQuality "1"]

1. d4 Nf6 2. Nf3 g6 3. c4 Bg7 4. Nc3 d6 5. Bf4 0-0 6. e3 c6 7. Be2 Nbd7 8. 0-0 Nb6 9. Rc1 Be6 10. b3 Rc8 11. h3 a6 12. c5 dxc5 13. dxc5 Nbd5 14. Nxd5 Nxd5 15. Be5 f6 16. Bb2 Bf7 1/2-1/2